Cristiano Ronaldo: Top Teammates - Statistics

General Stats
  • This quiz has been taken 269 times
  • The average score is 14 of 25
Answer Stats
Number of matches Player % Correct
342 Karim Benzema
94%
339 Sergio Ramos
93%
348 Pepe
90%
157 Gareth Bale
87%
222 Luka Modric
86%
332 Marcelo
82%
206 Wayne Rooney
79%
170 Toni Kroos
78%
228 Iker Casillas
74%
165 Dani Carvajal
70%
221 Rio Ferdinand
63%
231 Raphaël Varane
59%
183 Paul Scholes
53%
204 Ryan Giggs
52%
166 Ángel Di María
51%
188 Isco
49%
167 Edwin van der Sar
46%
149 Mesut Özil
45%
180 Gonzalo Higuaín
37%
208 Xabi Alonso
33%
174 Sami Khedira
31%
201 Álvaro Arbeloa
22%
215 John O'Shea
18%
153 Wes Brown
16%
155 Darren Fletcher
15%
No matching quizzes found
Score Distribution
Percent of People with Each Score
Percentile by Number Answered
Your Score History
You have not taken this quiz